Statistiques concernant Harry Potter tome 4 - Détails qui ont pu vous échapper

Cliquez ici pour prendre le quiz!

Statistiques générales

  • Ce quiz a été pris 35 fois
  • Le résultat moyen est 20 sur 65

Statistiques - réponses

QuestionsRéponses% Correct
À quelle heure Harry a-t-il rendez-vous avec Sirius devant la cheminée la nuit du 21 au 22 novembre?à 1h du matin
73%
Qui est allé chez Barty Croupton Sr pour lui faire signer des papiers et a deviné que Barty Croupton Jr était caché sous la cape d'invisibilité? (prénom et nom)Bertha Jorkins
68%
Quelle est la langue des gobelins?gobelbabil
68%
Que faut-il faire au tableau de la coupe de fruits pour avoir accès aux cuisines?chatouiller la poire
64%
Quelle femme Vernon qualifie-t-il de "grassouillette"? (prénom et nom)Molly Weasley
64%
Quel surnom Harry, Ron et Hermione doivent-ils utiliser pour parler de Sirius?Sniffle
64%
Lors du bal de Noël, avec qui danse Maugrey Fol oeil? (pas de prénom)Sinistra
59%
Comment s'appellent les biscuits que Ron demande à Harry de donner à Coquecigrue?Miamhibou
55%
À quelle date a lieu la 3ième tâche? (jour et mois)24 juin
50%
À combien se monte la cotisation demandée aux membres pour la S.A.L.E.?2 mornilles
45%
Quel est le mot de passe de la salle de bain des préfets?Fraîcheur des pins
45%
De quelle couleur sont les chaussettes de l'oncle Vernon que Harry offre à Dobby pour Noël?moutarde
45%
Où se trouve le portoloin pour aller à la Coupe du Monde de Quidditch?Colline de Tetafouine
41%
Grâce aux sortilèges anti-moldus, de quoi se souviennent les moldus lorsqu'ils s'approchent du terrain de Quidditch?d'un rendez-vous urgent
41%
Comment s'appelle le pub de Little Hangleton?Le Pendu
41%
Comment appelle-t-on ceux qui interviennent sur le terrain pour soigner Aidan Lynch, l'attrapeur de l'équipe d'Irlande de quidditch?les médicomages
41%
De quoi est orné l'anneau que Bill Weasley porte à l'oreille?un crochet de serpent
41%
Quel est le premier obstacle auquel Harry doit faire face dans le labyrinthe?un épouvantard
41%
Avec combien de temps d'avance, les spectateurs de la finale de la Coupe du Monde de Quidditch doivent-ils arriver s'ils ont acheté les billets les moins chers?2 semaines d'avance
36%
Lors de la coupe du monde de Quidditch, Agatha Timms a parié la moitié des actions de son élevage de quoi?anguilles
36%
Olivier Dubois a signé un contrat avec l'équipe de réserve de quel club de quidditch?Club de Flaquemare
36%
On voit la publicité du "Nettoie-tout magique" de qui?de la mère Grattesec
36%
Quels types d'oiseaux ont-ils transmis les lettres de Sirius à Harry en été?grands oiseaux tropicaux
36%
Comment Barty Croupton Sr appelle-t-il Percy Weasley?Wistily
36%
À l'issue de la 2ième tâche, Harry est premier ex-aequo avec Cédric avec combien de points?85 points
32%
Quel est le prénom du frère de Ludo Verpey?Otto
32%
Au cours de métamorphose, Neville est incapable d'exécuter le sortilège de transfert et a transplanté ses oreilles sur quoi?un cactus
32%
Et avec qui danse le professeur McGonagall?Verpey
32%
Quel genre de chevaux géants tirent le carrosse de Beauxbâtons?des Palominos ailés
27%
Dans quel magasin de prêt à sorcier à Pré-au-Lard Harry achète-t-il les chaussettes pour Dobby?Gaichiffon
27%
Que font les drapeaux vendus lors de la Coupe du Monde de Quidditch lorsqu'ils sont agités?ils jouent les hymnes nationaux
27%
Barty Croupton Sr parle notamment la langue des signes, la langue des trolls et quelle autre langue?la langue de bois
27%
Dudley a jeté sa playstation. À quel jeu ne peut-il donc plus jouer?Mégamutilation III
27%
À l'époque où Arthur et Molly étaient à Poudlard, comment s'appelait le garde-chasse? (pas de prénom)Ogg
27%
Quel type de tapis volant avait le grand-père de Barty Croupton Sr pour transporter 12 personnes?un Axminster
27%
Au cours de Divination, lorsque Harry a 2 Neptune, qu'est-ce qui naît selon Ron?un nain à lunettes
27%
Combien de langues parle Barty Croupton Sr?150
23%
En quel bois est faite la baguette de Viktor Krum?bois de charme
23%
Dobby offre à son tour des chaussettes à Harry, une verte avec des vifs d'or et une rouge vif avec quoi?des balais volants
23%
Que contient une des lettres de menaces qu'Hermione reçoit des fans de Harry?du pus de Bulbobulb
23%
Quel est le premier mot de passe pour la salle commune de Gryffondor cette année?fariboles
23%
Qui a annoncé au Pub de Little Hangleton l'arrestation de Frank Bryce?la cuisinière des Jedusor
23%
Comment s'appelle la feinte du poursuiveur qui vole en chandelle laissant croire qu'il veut échapper aux autres mais laisse tomber le souaffle au poursuiveur en-dessous de lui?la feinte de Porskoff
23%
Quel sortilège fait s'agiter les oreilles dans tous les sens?le sortilège de Folloreille
23%
Que fait apparaître la baguette de Harry lors de l'examen des baguettes?une fontaine de vin
23%
Quel élève de Serpentard met son nom dans la coupe de feu? (pas de prénom)Warrington
23%
Voldemort a pu tenir jusqu'à sa renaissance grâce au sang de licorne et à quoi d'autre?au venin de Nagini
18%
Quel est le seul mot que Ludo Verpey connaît dans cette langue?Bladvak
18%
De quelle couleur est le Suédois à museau court?bleu argenté
18%
Quelle est la formule du sortilège pour effacer les effets d'un autre sortilège?destructum
18%
Les chaussures de Mme Maxime ont la taille de quoi?d'une luge pour enfant
18%
Durant la Coupe du Monde de Quidditch, un tableau publicitaire vante les mérites de quel balai?la Bombe bleue
18%
Lors de la Coupe du Monde de Quidditch, quel pays l'Irlande a-t-elle écrasé en demi-finale?le Pérou
18%
De quelle couleur sont les poulains des licornes? (précis)or pur
18%
Lorsqu'Hermione veut parler de la "Feinte de Wronsky", elle se trompe et donne quel nom?Pente de gros ski
18%
De quelle potion capillaire Hermione a-t-elle fait usage pour le bal de Noël?potion capillaire de Lissenplis
18%
Ron dit qu'Hermione pourrait fonder quelle association?RAGE
18%
Dans la Pensine, lorsque Ludo Verpey comparaît devant le Conseil de Justice magique, il reçoit les félicitations pour le match Angleterre contre quel pays?Turquie
18%
En 1792, lors du tournoi des 3 sorciers, que devaient attraper les champions mais s'échappe et blesse les 3 directeurs du jury?un cocatris
18%
Dobby a un nez en forme de quoi?crayon
14%
Qui Percy doit-il convaincre de signer les Accords Internationaux d'Interdiction du Duel? (peuple d'une région)les Transylvaniens
14%
Auprès de quel service du Ministère de la Magie doit-on se déclarer lorsqu'on est un animagus?Service des usages abusifs de la magie
14%
Que croyait Drago que Hagrid avait avalé pour justifier sa taille?une bouteille de poussoss
14%
Combien d'objets comprend la liste d'objets interdits à Poudlard?437 articles
9%
Que signifient les initiales de cette association?Rassemblement pour Assistance aux Gobelins Enragés
5%

Distribution des résultats

Percentile par nombre de réponses

% des personnes avec chaque résultat

Votre développement - résultats

Vous n’avez pas pris ce quiz